<?xml version="1.0" encoding="UTF-8"?>
<record
    xmlns:xsi="http://www.w3.org/2001/XMLSchema-instance"
    xsi:schemaLocation="http://www.loc.gov/MARC21/slim http://www.loc.gov/standards/marcxml/schema/MARC21slim.xsd"
    xmlns="http://www.loc.gov/MARC21/slim">

  <leader>02379nas1a22003011i 4500</leader>
  <controlfield tag="001">RU\NLR\INFOCOMM18\1000058065</controlfield>
  <controlfield tag="005">20240726091958.0</controlfield>
  <datafield tag="035" ind1=" " ind2=" ">
    <subfield code="a">(NLR Aleph) 002646004</subfield>
  </datafield>
  <datafield tag="090" ind1=" " ind2=" ">
    <subfield code="a">3827663</subfield>
    <subfield code="c">3827663</subfield>
  </datafield>
  <datafield tag="100" ind1=" " ind2=" ">
    <subfield code="a">20040113b19161919|||y0rusy50      ca</subfield>
  </datafield>
  <datafield tag="101" ind1="0" ind2=" ">
    <subfield code="a">rus</subfield>
  </datafield>
  <datafield tag="102" ind1=" " ind2=" ">
    <subfield code="a">RU</subfield>
  </datafield>
  <datafield tag="110" ind1=" " ind2=" ">
    <subfield code="a">zyu||||0|y0</subfield>
  </datafield>
  <datafield tag="200" ind1="1" ind2=" ">
    <subfield code="a">&#x412;&#x435;&#x441;&#x442;&#x43D;&#x438;&#x43A; &#x43F;&#x440;&#x438;&#x43A;&#x43B;&#x430;&#x434;&#x43D;&#x43E;&#x439; &#x445;&#x438;&#x43C;&#x438;&#x438; &#x438; &#x445;&#x438;&#x43C;&#x438;&#x447;&#x435;&#x441;&#x43A;&#x43E;&#x439; &#x442;&#x435;&#x445;&#x43D;&#x43E;&#x43B;&#x43E;&#x433;&#x438;&#x438;</subfield>
    <subfield code="e">&#x416;&#x443;&#x440;&#x43D;&#x430;&#x43B; &#x41F;&#x43E;&#x43B;&#x438;&#x442;&#x435;&#x445;&#x43D;. &#x43E;-&#x432;&#x430;, &#x441;&#x43E;&#x441;&#x442;&#x43E;&#x44F;&#x449;&#x435;&#x433;&#x43E; &#x43F;&#x440;&#x438; &#x41C;&#x43E;&#x441;&#x43A;. &#x432;&#x44B;&#x441;&#x448;. &#x442;&#x435;&#x445;&#x43D;. &#x443;&#x447;&#x438;&#x43B;&#x438;&#x449;&#x435;, &#x41C;&#x43E;&#x441;&#x43A;. &#x43E;-&#x432;&#x430; &#x440;&#x438;&#x436;&#x441;&#x43A;&#x438;&#x445; &#x43F;&#x43E;&#x43B;&#x438;&#x442;&#x435;&#x445;&#x43D;&#x438;&#x43A;&#x43E;&#x432; &#x438; &#x41E;-&#x432;&#x430; &#x442;&#x435;&#x445;&#x43D;&#x43E;&#x43B;&#x43E;&#x433;&#x43E;&#x432; &#x432; &#x41F;&#x435;&#x442;&#x440;&#x43E;&#x433;&#x440;&#x430;&#x434;&#x435;</subfield>
  </datafield>
  <datafield tag="210" ind1=" " ind2=" ">
    <subfield code="a">&#x41C;.</subfield>
    <subfield code="c">&#x41F;&#x43E;&#x43B;&#x438;&#x442;&#x435;&#x445;&#x43D;. &#x43E;-&#x432;&#x43E;</subfield>
    <subfield code="d">1916-1919</subfield>
  </datafield>
  <datafield tag="421" ind1=" " ind2="1">
    <subfield code="1">2001#$a&#x421;&#x432;&#x435;&#x434;&#x435;&#x43D;&#x438;&#x44F; &#x43E; &#x440;&#x430;&#x431;&#x43E;&#x442;&#x430;&#x445; &#x41C;&#x43E;&#x441;&#x43A;&#x43E;&#x432;&#x441;&#x43A;&#x43E;&#x439; &#x43F;&#x43E;&#x434;&#x433;&#x43E;&#x442;&#x43E;&#x432;&#x438;&#x442;&#x435;&#x43B;&#x44C;&#x43D;&#x43E;&#x439; &#x43A;&#x43E;&#x43C;&#x438;&#x441;&#x441;&#x438;&#x438; &#x43F;&#x43E; &#x432;&#x43E;&#x43F;&#x440;&#x43E;&#x441;&#x430;&#x43C; &#x445;&#x438;&#x43C;&#x438;&#x447;&#x435;&#x441;&#x43A;&#x43E;&#x439; &#x43F;&#x440;&#x43E;&#x43C;&#x44B;&#x448;&#x43B;&#x435;&#x43D;&#x43D;&#x43E;&#x441;&#x442;&#x438; &#x43F;&#x440;&#x438; &#x425;&#x438;&#x43C;&#x438;&#x447;&#x435;&#x441;&#x43A;&#x43E;&#x43C; &#x43A;&#x43E;&#x43C;&#x438;&#x442;&#x435;&#x442;&#x435; &#x413;&#x43B;&#x430;&#x432;&#x43D;&#x43E;&#x433;&#x43E; &#x430;&#x440;&#x442;&#x438;&#x43B;&#x43B;&#x435;&#x440;&#x438;&#x439;&#x441;&#x43A;&#x43E;&#x433;&#x43E; &#x443;&#x43F;&#x440;&#x430;&#x432;&#x43B;&#x435;&#x43D;&#x438;&#x44F;</subfield>
    <subfield code="1">210##$a&#x41C;.$d1917</subfield>
    <subfield code="1">300##$a&#x41F;&#x440;&#x438;&#x43B;. 1-&#x435; &#x43A; &#x436;&#x443;&#x440;&#x43D;. ...</subfield>
    <subfield code="t">&#x421;&#x432;&#x435;&#x434;&#x435;&#x43D;&#x438;&#x44F; &#x43E; &#x440;&#x430;&#x431;&#x43E;&#x442;&#x430;&#x445; &#x41C;&#x43E;&#x441;&#x43A;&#x43E;&#x432;&#x441;&#x43A;&#x43E;&#x439; &#x43F;&#x43E;&#x434;&#x433;&#x43E;&#x442;&#x43E;&#x432;&#x438;&#x442;&#x435;&#x43B;&#x44C;&#x43D;&#x43E;&#x439; &#x43A;&#x43E;&#x43C;&#x438;&#x441;&#x441;&#x438;&#x438; &#x43F;&#x43E; &#x432;&#x43E;&#x43F;&#x440;&#x43E;&#x441;&#x430;&#x43C; &#x445;&#x438;&#x43C;&#x438;&#x447;&#x435;&#x441;&#x43A;&#x43E;&#x439; &#x43F;&#x440;&#x43E;&#x43C;&#x44B;&#x448;&#x43B;&#x435;&#x43D;&#x43D;&#x43E;&#x441;&#x442;&#x438; &#x43F;&#x440;&#x438; &#x425;&#x438;&#x43C;&#x438;&#x447;&#x435;&#x441;&#x43A;&#x43E;&#x43C; &#x43A;&#x43E;&#x43C;&#x438;&#x442;&#x435;&#x442;&#x435; &#x413;&#x43B;&#x430;&#x432;&#x43D;&#x43E;&#x433;&#x43E; &#x430;&#x440;&#x442;&#x438;&#x43B;&#x43B;&#x435;&#x440;&#x438;&#x439;&#x441;&#x43A;&#x43E;&#x433;&#x43E; &#x443;&#x43F;&#x440;&#x430;&#x432;&#x43B;&#x435;&#x43D;&#x438;&#x44F;</subfield>
  </datafield>
  <datafield tag="712" ind1="0" ind2="2">
    <subfield code="a">&#x41F;&#x43E;&#x43B;&#x438;&#x442;&#x435;&#x445;&#x43D;&#x438;&#x447;&#x435;&#x441;&#x43A;&#x43E;&#x435; &#x43E;&#x431;&#x449;&#x435;&#x441;&#x442;&#x432;&#x43E;</subfield>
    <subfield code="c">&#x41C;&#x43E;&#x441;&#x43A;&#x432;&#x430;</subfield>
    <subfield code="4">570</subfield>
  </datafield>
  <datafield tag="801" ind1=" " ind2="1">
    <subfield code="a">RU</subfield>
    <subfield code="b">InfoComm</subfield>
    <subfield code="c">20040113</subfield>
  </datafield>
  <datafield tag="801" ind1=" " ind2="0">
    <subfield code="a">RU</subfield>
    <subfield code="b">NLR</subfield>
    <subfield code="g">PSBO</subfield>
  </datafield>
  <datafield tag="852" ind1=" " ind2=" ">
    <subfield code="a">NLR</subfield>
    <subfield code="j">&#x41F;8/139</subfield>
  </datafield>
  <datafield tag="942" ind1=" " ind2=" ">
    <subfield code="c">SE</subfield>
  </datafield>
  <datafield tag="980" ind1=" " ind2=" ">
    <subfield code="a">RUSPER</subfield>
  </datafield>
</record>
